[Event "AUT-ch Open 2020"]
[Site "Graz"]
[Date "2020.02.14"]
[Round "1.10"]
[White "Magold, Filip"]
[Black "Barp, Alberto"]
[Result "0-1"]
[WhiteElo "2086"]
[BlackElo "2368"]
[Annotator "TA"]
[PlyCount "84"]
[EventDate "2020.02.14"]
[EventType "swiss"]
[EventCountry "AUT"]
[SourceTitle "playchess.com"]
[Source "ChessBase"]
[SourceQuality "1"]

{[%evp 17,84,-1,0,-8,-10,-12,-12,-17,-3,-16,-14,-28,-19,-23,6,0,0,-10,15,1,8,12,18,0,0,0,0,-16,0,0,0,-17,8,0,0,-8,-8,-39,-4,-6,0,-6,-16,-36,-30,-163,-179,-209,-199,-419,-419,-419,-419,-410,-384,-376,-371,-550,-529,-509,-391,-372,-282,-902,-873,-826,-826,-818,-813]} 1. e4 e5 2. Nf3 Nc6 3. Bb5 a6 4. Ba4 d6 5. d3 b5 6. Bb3 Na5 7. Nc3 {[%cal Bb1c3,Bc3e2,Be2g3,Bg3f5][%mdl 32]} Nf6 8. O-O Be7 9. Ne2 O-O 10. Ng3 {C84: Closed Ruy Lopez: Unusual White 6th moves.} c5 11. Bd2 Nxb3 12. axb3 {The position is equal.} Re8 13. h3 {[#]} Bb7 $146 ({Predecessor:} 13... a5 14. Qe1 b4 15. Qe2 Qc7 16. c4 h6 17. Nh2 Bd7 18. f4 a4 19. bxa4 Rxa4 20. Rxa4 Bxa4 {1-0 (26) Mons,L (2144)-Ewin,H (1868) Bad Wiessee 2009}) 14. Nf5 Bf8 15. c4 Qb6 16. Ba5 Qc6 17. Bd2 a5 18. Nh2 Bc8 19. Ne3 Be6 20. f4 exf4 21. Rxf4 Nd7 22. Nhg4 b4 23. Rf1 Ra7 24. Qf3 Qc8 25. Qg3 {Strongly threatening Nh6+.} Kh8 $1 26. Nf5 Ne5 27. Qh4 Bxf5 28. Rxf5 Be7 29. Qg3 Nxg4 30. Qxg4 Bf6 31. Raf1 (31. Ra2 $11 {and White has nothing to worry.}) 31... Bxb2 $19 32. Rxf7 {[#] Threatening mate with Qxc8.} Bd4+ 33. Kh1 $2 (33. Kh2 {is the only way for White.} Rxf7 34. Rxf7) 33... Rxf7 34. Rxf7 Qxg4 35. hxg4 {[%mdl 4096] Endgame [#] KRB-KRB} a4 $1 {[%mdl 512]} 36. bxa4 Rb8 37. a5 (37. Ra7 {is a better defense.} b3 38. Bc1) 37... Kg8 38. Rd7 {White wants to play a6.} Ra8 39. Rxd6 Rxa5 {aiming for ...Ra1+.} 40. Bf4 $2 (40. Rxd4 cxd4 41. Bxb4 Ra1+ 42. Kh2) 40... b3 {[%cal Bb4b3,Bb3b2][%mdl 32] Black is clearly winning.} 41. Rb6 Ra1+ 42. Kh2 b2 {Accuracy: White = 59%, Black = 83%.} 0-1

[Event "AUT-ch Open 2020"]
[Site "Graz"]
[Date "2020.02.14"]
[Round "1.11"]
[White "Vorobiov, Evgeny E."]
[Black "Androutsopoulos-Agiotatos, Vasil"]
[Result "1-0"]
[WhiteElo "2520"]
[BlackElo "2187"]
[Annotator "TA"]
[PlyCount "79"]
[EventDate "2020.02.14"]
[EventType "swiss"]
[EventCountry "AUT"]
[SourceTitle "playchess.com"]
[Source "ChessBase"]
[SourceQuality "1"]

{[%evp 22,79,26,40,50,15,33,37,28,0,23,14,31,-15,59,51,70,66,65,68,65,68,278,150,182,176,235,234,235,237,235,245,236,235,257,254,250,257,255,254,232,210,282,257,331,308,347,310,394,398,416,419,603,608,576,541,6303,740,29989,29990]} 1. d4 Nf6 2. c4 g6 3. Nc3 Bg7 4. e4 d6 5. Be2 O-O 6. Be3 Na6 7. Nf3 e5 8. O-O Qe8 9. dxe5 Ng4 10. Bd2 dxe5 11. h3 Nf6 12. Be3 Qe7 {E94: King's Indian: Classical: 6 Be2 e5 7 0-0: Various Black 7th moves.} 13. a3 (13. Nd5 $5 {[%cal Rd5e7]} Qe6 14. Qc2 $14) 13... c6 14. b4 Nh5 {White is slightly better.} 15. Re1 Nf4 16. Bf1 Rd8 17. Qc2 Qf6 (17... Ne6 $11) 18. Rad1 $36 {[%mdl 2048] [#] White has the initiative.} Bd7 $146 ({Predecessor:} 18... Be6 19. Rxd8+ Qxd8 20. Rd1 Qf6 21. Kh2 Nxh3 22. b5 cxb5 23. cxb5 Nc7 24. Qd2 Nf4 25. g3 Bg4 26. Nh4 Bxd1 27. Qxd1 {0-1 (33) Radojevic,S (2031)-Antic,D (2440) Belgrade 2016}) 19. Rd2 Be8 20. Rxd8 Rxd8 21. Rd1 b6 $2 {[#]} (21... Ra8 $14) 22. c5 ({Only move:} 22. Qa4 $1 $18) 22... b5 {[#]} 23. Bxf4 $1 Rxd1 (23... exf4 $142 24. e5 Qe7) 24. Bxe5 $18 ({Not} 24. Qxd1 exf4 25. Ne2 Nc7 $14) 24... Rxf1+ 25. Kxf1 Qe6 26. Bxg7 Kxg7 27. Ne2 f6 28. Ned4 Qd7 29. Qd2 Nc7 30. Qf4 {And now Qxc7! would win.} Ne6 31. Qe3 Nc7 32. g4 Bf7 33. Kg2 h6 34. Qf4 Ne8 35. h4 Nc7 36. g5 fxg5 (36... hxg5 $142 37. hxg5 Ne8) 37. hxg5 hxg5 38. Nxg5 Qxd4 39. Qxc7 (39. Qxf7+ $142 Kh6 40. Qf4) 39... Kf6 40. Qf4+ {Accuracy: White = 71%, Black = 42%.} 1-0

[Event "AUT-ch Open 2020"]
[Site "Graz"]
[Date "2020.02.14"]
[Round "1.11"]
[White "Szotkowski, Jakub"]
[Black "Tolhuizen, Ludo"]
[Result "1-0"]
[WhiteElo "2367"]
[BlackElo "2083"]
[Annotator "TA"]
[PlyCount "41"]
[EventDate "2020.02.14"]
[EventType "swiss"]
[EventCountry "AUT"]
[SourceTitle "playchess.com"]
[Source "ChessBase"]
[SourceQuality "1"]

{[%evp 21,41,12,14,0,4,-2,0,-33,-28,-25,0,-3,0,0,150,102,99,85,144,150,175,170]} 1. d4 e6 2. c4 f5 3. g3 Nf6 4. Bg2 c6 5. Nf3 d5 6. O-O Bd6 7. b3 Qe7 8. Bb2 b6 9. Nbd2 O-O 10. Ne5 Bb7 11. e3 a5 12. a3 {A90: Dutch Defence: Miscellaneous and Modern Stonewall (with ...Bd6).} Nbd7 {[#]} 13. f4 $146 ({Predecessor:} 13. Qe2 Rac8 14. Ndf3 c5 15. Nxd7 Nxd7 16. a4 Ba6 17. Rac1 Nf6 18. Rc2 Ne4 19. Nd2 cxd4 20. Nxe4 fxe4 {½-½ (20) Naumkin,I (2414)-Arizmendi Martinez,J (2500) Llucmajor 2017}) 13... Rac8 14. h3 {The position is equal.} c5 15. Kh2 Ba6 16. Re1 Ne4 17. Nxe4 fxe4 (17... dxe4 $11 18. d5 a4) 18. Nxd7 Qxd7 {[#]} 19. cxd5 $1 exd5 ({Black should try} 19... Bd3) 20. dxc5 $16 {[%mdl 64] Discovered Attack} Rxc5 21. b4 {Accuracy: White = 80%, Black = 70%.} 1-0

[Event "AUT-ch Open 2020"]
[Site "Graz"]
[Date "2020.02.14"]
[Round "1.11"]
[White "Magold, Filip"]
[Black "Barp, Alberto"]
[Result "*"]
[WhiteElo "2086"]
[BlackElo "2368"]
[Annotator "RC"]
[PlyCount "20"]
[EventDate "2020.02.14"]
[EventType "swiss"]
[EventCountry "AUT"]
[SourceTitle "playchess.com"]
[Source "ChessBase"]
[SourceQuality "1"]
[TimeControl "40/5400+30:1800+30"]

1. d4 {[%emt 0:00:00]} e6 {[%emt 0:00:00]} 2. c4 {[%emt 0:01:17]} f5 {[%emt 1:31:00]} 3. g3 {[%emt 0:00:38]} Nf6 {[%emt 0:00:04]} 4. Bg2 {[%emt 0:00:09]} c6 {[%emt 0:00:59]} 5. Nf3 {[%emt 0:02:02]} d5 {[%emt 0:00:04]} 6. O-O {[%emt 1:28:54]} Bd6 {[%emt 0:00:05]} 7. b3 {[%emt 0:00:38]} Qe7 {[%emt 0:00:04]} 8. Bb2 {[%emt 0:01:14]} b6 {[%emt 0:02:25]} 9. Nbd2 {[%emt 1:28:22]} O-O {[%emt 0:01:40]} 10. Ne5 {[%emt 0:02:27]} Bb7 {[%emt 0:00:09]} *

[Event "AUT-ch Open 2020"]
[Site "Graz"]
[Date "2020.02.14"]
[Round "1.12"]
[White "Trippold, Denise"]
[Black "Burmakin, Vladimir"]
[Result "0-1"]
[WhiteElo "2187"]
[BlackElo "2514"]
[Annotator "TA"]
[PlyCount "170"]
[EventDate "2020.02.14"]
[EventType "swiss"]
[EventCountry "AUT"]
[SourceTitle "playchess.com"]
[Source "ChessBase"]
[SourceQuality "1"]

{[%evp 25,170,0,0,-3,0,0,0,-33,-11,-36,0,0,0,0,0,-27,-25,0,23,19,20,18,16,14,27,12,7,8,36,14,10,17,20,-15,14,-58,-58,-53,-53,-53,-53,-76,-62,-82,-31,-31,-33,-32,-34,-38,-40,-79,-51,-59,-56,-53,-39,-41,0,-41,0,0,0,-21,0,-3,0,0,0,0,0,-8,0,0,0,0,0,0,0,0,0,0,0,0,0,0,0,0,0,0,0,-22,0,-28,0,0,0,0,0,0,0,-9,0,0,0,-4,0,0,0,0,0,-80,0,0,0,-542,-457,-706,-701,-699,-696,-790,-621,-3310,-6079,-12820,-7695,-5318,-5306,-29987,-29951,-29983,-29984,-29984,-29985,-29985,-29986,-29987,-29988,-29988,-29989,-29989,-29990,-29990,-29989,-29988,-29989]} 1. d4 Nf6 2. c4 e6 3. Nf3 b6 4. g3 Bb7 5. Bg2 Be7 6. O-O O-O 7. d5 exd5 8. Nh4 c6 9. cxd5 Nxd5 10. Nf5 Nc7 11. e4 d5 12. Nc3 Bf6 13. exd5 cxd5 14. Ne3 {[%cal Rc3d5] E17: Queen's Indian: 4 g3 Bb7 5 Bg2 Be7.} Bxc3 15. bxc3 Nc6 16. Nxd5 {[#] The position is equal.} Nxd5 $146 ({Predecessor:} 16... Ne5 17. Nf6+ Qxf6 18. Bxb7 Rad8 19. Qb3 Ne6 20. Be3 Ng4 21. c4 Qg6 22. Bg2 Rd3 {0-1 (32) Melao Pereira,F-Schellens,M (1960) ICCF email 2018}) 17. Bxd5 Na5 18. c4 Qf6 19. Bf4 Rad8 20. Qf3 Bxd5 21. cxd5 Rd7 (21... g5 $5 22. Qg4 $8 Rxd5 $11) 22. Rad1 Rfd8 23. h4 h6 24. Rfe1 Nb7 25. Qb3 Nc5 26. Qc2 Rc8 27. Be5 Qf3 28. Re3 Qh5 29. Rd2 Re8 (29... f6 $5 {[%cal Rf6e5]} 30. Bf4 Rxd5 $11) 30. Qb2 (30. Qc4 $11) 30... f6 $15 31. Bf4 Rxe3 32. Bxe3 Rxd5 33. Bxc5 Rxd2 ({Don't go for} 33... bxc5 $2 34. Qb3 $18) 34. Qxd2 bxc5 {[%mdl 4096] Endgame KQ-KQ} ({Better is} 34... Qxc5 $17 35. Qd7 b5) 35. Qd8+ Kh7 36. Qd3+ Qg6 37. Qc4 Qf5 38. g4 Qd7 (38... Qf3 {with more complications.} 39. Qc2+ Kh8 40. Qc4 Qd1+ 41. Kg2 h5) 39. Qe4+ Kg8 40. h5 Kf8 41. a4 Qc7 42. Qc4 Qe5 43. Qa6 Qc7 {White must now prevent ...c4.} 44. Qc4 a5 45. Kf1 Qc6 46. Kg1 Qb6 47. Qd5 Qc7 48. Qc4 Ke7 49. Qe4+ Kd6 50. Qf4+ Kd7 51. Qc4 Kc8 52. Qg8+ Kb7 53. Qb3+ Kc6 54. Qf3+ Kd6 55. Qf4+ Kd7 56. Qf5+ Ke7 57. Qe4+ Kf8 58. Qc4 Qc6 59. Kf1 Ke7 (59... f5 $5) 60. Kg1 $1 Kd6 61. Qf4+ Kd7 {[#] Threatens to win with ...c4.} 62. Qc4 $1 Kc7 63. Qf7+ Qd7 64. Qc4 Qd1+ 65. Kg2 Kd6 {aiming for ...Qd5+.} 66. f3 Qd2+ 67. Kg3 Qb4 68. Qd3+ {[#]} (68. Qg8 $11 {keeps the balance.}) 68... Kc6 ({Black should try} 68... Ke5 $1 $17) 69. Qa6+ $11 Kd5 {...c4 is the strong threat.} 70. Qa8+ $2 {[%mdl 8192]} (70. Qd3+ $1 $11 {and White has nothing to worry.} Kc6 71. Qa6+ Qb6 72. Qc4) 70... Kd4 $19 71. Qd8+ (71. Qa7 $142 Qe1+ 72. Kg2) 71... Kc3 72. Qc7 c4 {Hoping for ...Kb2.} 73. Qxg7 Qd6+ 74. f4 Kd2 75. Qa7 c3 76. Qxa5 Qd3+ 77. Kh4 Kd1 {Black mates.} 78. g5 fxg5+ 79. fxg5 c2 80. Qc5 c1=Q 81. Qxc1+ Kxc1 82. gxh6 Qf5 83. h7 Qxh7 84. Kg5 Qg7+ 85. Kf5 Qh6 {Accuracy: White = 71%, Black = 85%.} 0-1

[Event "AUT-ch Open 2020"]
[Site "Graz"]
[Date "2020.02.14"]
[Round "1.12"]
[White "Scheffknecht, Philipp"]
[Black "Nitin, S.."]
[Result "0-1"]
[WhiteElo "2082"]
[BlackElo "2353"]
[Annotator "TA"]
[PlyCount "68"]
[EventDate "2020.02.14"]
[EventType "swiss"]
[EventCountry "AUT"]
[SourceTitle "playchess.com"]
[Source "ChessBase"]
[SourceQuality "1"]

{[%evp 14,72,8,0,19,22,32,19,31,16,36,22,43,31,36,25,37,21,20,21,149,47,93,37,36,-54,-51,-53,-61,-75,-72,-79,-70,-65,-21,-162,-69,-111,-33,-57,0,0,20,-40,0,-209,-60,-162,-179,-762,-683,-1052,-1059,-1849,-1387,-29994,-29994,-29994,-29994,-29998,-29999]} 1. Nf3 Nf6 2. g3 g6 3. b3 Bg7 4. Bb2 d6 5. Bg2 e5 6. d3 O-O 7. O-O Nc6 8. c4 Ne8 {A15: English Opening: 1...Nf6.} 9. Qd2 f5 10. Nc3 Nf6 {[#] The position is equal.} 11. Rac1 $146 ({Predecessor:} 11. Nd5 Nxd5 12. cxd5 Ne7 13. e4 c6 14. Ng5 cxd5 15. exd5 Bh6 16. h4 f4 17. Ne6 Bxe6 18. dxe6 {1-0 (45) Senis,E (1074)-Leung,J (1103) LSS email 2013}) 11... Nh5 12. Nd5 h6 13. b4 g5 14. b5 Ne7 15. Nxe7+ Qxe7 16. a4 g4 (16... c6 $11) 17. Ne1 ({Only move:} 17. Nh4 $16) 17... f4 18. a5 (18. Bd5+ $16 Kh7 {[#]} 19. c5 $1 {[%mdl 512]}) 18... Rb8 $14 19. b6 (19. Bd5+ $14 Be6 20. Bxe6+ Qxe6 21. Nc2) 19... axb6 $15 20. axb6 c6 21. Ra1 Be6 22. Ra7 Qd8 23. Qb4 Rf7 24. Ba3 (24. Be4 $11) 24... Bf8 (24... c5 $19 25. Qb3 Nf6) 25. Qa5 Ng7 ({Black should try} 25... Be7 $17 26. Be4 Nf6) 26. Bb2 $1 c5 (26... h5 $15) 27. Be4 $11 h5 28. Nc2 (28. Ng2 $11) 28... h4 29. Ra1 $2 (29. gxf4 $11 {and White is okay.} exf4 30. e3) 29... Nf5 (29... fxg3 30. fxg3 hxg3 31. hxg3 $15) ({Black should play} 29... hxg3 $19 {...Qh4! is the strong threat.} 30. hxg3 Nf5) 30. Bxf5 (30. gxf4 $15 exf4 31. Na3 (31. Qc3 Bg7 $11) (31. Bxf5 Bxf5 32. Ne1 Qg5 $17)) 30... Bxf5 $19 31. Na3 $2 (31. gxf4 exf4 32. Qd2 (32. Qc3 $2 Bg7 $19)) 31... hxg3 32. hxg3 Bd7 33. Nb5 Qg5 {[#] ( -> ...Rh7)} 34. gxf4 Qh4 {Played: Qg5xf4} 0-1

[Event "AUT-ch Open 2020"]
[Site "Graz"]
[Date "2020.02.14"]
[Round "1.13"]
[White "Livaic, Leon"]
[Black "Advait, Bagri"]
[Result "1-0"]
[WhiteElo "2492"]
[BlackElo "2185"]
[Annotator "TA"]
[PlyCount "59"]
[EventDate "2020.02.14"]
[EventType "swiss"]
[EventCountry "AUT"]
[SourceTitle "playchess.com"]
[Source "ChessBase"]
[SourceQuality "1"]

{[%evp 9,59,-33,-40,-35,60,47,47,54,37,35,43,40,108,132,125,112,131,149,105,55,24,0,93,41,30,28,56,56,109,110,132,104,110,111,128,102,105,117,29994,397,931,912,29983,668,29988,29989,29989,29990,29990,29991,29991,29992]} 1. e4 e5 2. f4 d5 3. exd5 exf4 4. Nf3 Nf6 5. Bc4 Qe7+ 6. Be2 {C36: King's Gambit Accepted: 3 Nf3 d5.} Bg4 (6... Nxd5 $15 7. O-O g5) 7. O-O $1 $14 Nbd7 8. c4 {White is slightly better.} O-O-O 9. d4 g5 10. Nc3 {[#]} Bh6 $146 ({Better is} 10... Ne4 $14) ({Predecessor:} 10... Rg8 11. c5 Nxc5 12. dxc5 Qxc5+ 13. Kh1 Nxd5 14. Bd2 Nxc3 15. bxc3 Rg6 16. Nd4 Bd7 17. Qb3 Bg7 18. Rab1 Rb6 19. Qxf7 Bxd4 20. cxd4 Qxd4 {1-0 (20) Lisowski,K (2214)-Walaszczyk,W Wisla 2002}) 11. Re1 $16 Rhe8 12. Bd2 $1 Qf8 13. Kh1 Bh5 14. Ne5 Bxe2 15. Qxe2 Kb8 (15... Bg7 $1 $11) 16. Nxd7+ (16. Ne4 $1 $16) 16... Rxd7 $14 17. Qd3 Rde7 18. Qf5 Rxe1+ ({Black should play} 18... Qg7 $1 $14) 19. Rxe1 $16 Rxe1+ 20. Bxe1 Qe7 {[%cal Re7e1] [#]} 21. Bf2 $1 g4 22. c5 a6 23. b4 Ka8 $2 {[%mdl 8192]} (23... g3 $16 24. hxg3 fxg3 25. Bxg3 Qe3) 24. b5 $2 (24. Qc8+ {mates} Ka7 {[#]} 25. Nb5+ $1 {[%mdl 512]} axb5 26. c6 Qe1+ 27. Bxe1 bxc6 28. dxc6 Nh5 29. Qb7#) 24... Kb8 $2 (24... Qd8 25. bxa6 bxa6) 25. bxa6 $18 bxa6 26. c6 (26. Qb1+ $142 Kc8 27. c6 Qa3 28. Bh4 Bg7 29. Ne4 a5 30. Nc5 Qb4 31. Qf5+ {[%mdl 64] Double Attack} Kb8 32. Na6+ {[%mdl 64] Double Attack} Ka7 33. Nxb4) 26... Qd6 27. Qb1+ {White mates.} Kc8 28. Bh4 f3 {[#]} 29. Ne4 $1 {[%mdl 512]} fxg2+ 30. Kxg2 {Accuracy: White = 75%, Black = 35%.} 1-0

[Event "AUT-ch Open 2020"]
[Site "Graz"]
[Date "2020.02.14"]
[Round "1.13"]
[White "Leisch, Lukas"]
[Black "Schloffer, Jasmin-Denise"]
[Result "1-0"]
[WhiteElo "2352"]
[BlackElo "2080"]
[Annotator "TA"]
[PlyCount "77"]
[EventDate "2020.02.14"]
[EventType "swiss"]
[EventCountry "AUT"]
[SourceTitle "playchess.com"]
[Source "ChessBase"]
[SourceQuality "1"]

{[%evp 21,77,51,71,68,118,114,136,141,148,147,159,173,175,155,170,164,175,173,166,155,169,160,246,228,231,155,207,150,230,207,228,199,289,181,229,80,366,73,93,96,229,248,251,172,152,115,127,126,295,252,417,414,1089,1072,1122,757,1083,1052]} 1. c4 c5 2. Nf3 Nc6 3. d4 cxd4 4. Nxd4 g6 5. e4 Bg7 6. Be3 d6 7. Nc3 Nf6 8. Be2 Bd7 9. O-O O-O 10. Qd2 Rc8 11. f3 Ne5 12. b3 {B38: Sicilian: Maroczy Bind with 5...Bg7 and 7...0-0.} a5 13. Rac1 {[#]} h5 $146 ({Predecessor:} 13... Bc6 14. Rfd1 Ned7 15. a3 Ne5 16. Nxc6 Nxc6 17. Nd5 Nd7 18. b4 axb4 19. axb4 Ra8 {0-1 (34) Calens,D (2059)-Fernandez,M (2187) Buenos Aires 2015}) 14. h3 {White is clearly better.} Bc6 15. a3 b6 16. f4 Ned7 17. Nxc6 Rxc6 18. b4 Rc8 19. Qd3 Qc7 20. g4 hxg4 21. hxg4 Rfe8 (21... axb4 $16 22. axb4 Ra8) 22. g5 Nh7 23. Kg2 Nhf8 (23... Bxc3 $16 24. Qxc3 axb4 25. axb4 Ra8) 24. Rh1 Ne6 (24... Qc6 $16 25. Nb5 axb4) 25. Nd5 Qb7 26. Bg4 Nef8 (26... Ra8 $142 27. Rcf1 axb4) 27. Bf2 e6 28. Ne3 (28. Nc3 $18) 28... f5 $2 {[%mdl 8192] [#]} (28... f6 $16 {was necessary.}) 29. gxf6 $2 (29. Bf3 $1 $18 {and the rest is easy.} fxe4 30. Bxe4 {[%mdl 64] Double Attack}) 29... Nxf6 $16 30. Bf3 $36 {[%mdl 2048] Threatens to win with e5. White has strong initiative.} ({Avoid the trap} 30. Qxd6 $2 Rcd8 $19) 30... e5 {[#]} (30... Qf7 $16) 31. f5 $1 $18 ({Don't blunder} 31. Qxd6 $2 Rcd8 $19) 31... Red8 32. Nd5 Nxd5 33. Qxd5+ ({Don't do} 33. cxd5 $6 Rxc1 34. Rxc1 axb4 $16) 33... Qxd5 34. cxd5 Rb8 $2 (34... Rxc1 $16 35. Rxc1 axb4) 35. Bg4 g5 $2 (35... axb4 {might work better.} 36. axb4 Ra8) 36. Be3 Nh7 {[#]} (36... Bf6 $142 37. b5 Rb7) 37. f6 $1 {[%mdl 512] White is clearly winning.} Nxf6 (37... Bxf6 38. Be6+) 38. Be6+ Kf8 39. Rc7 {Accuracy: White = 57%, Black = 36%.} 1-0

[Event "AUT-ch Open 2020"]
[Site "Graz"]
[Date "2020.02.14"]
[Round "1.14"]
[White "Leisch, Lukas"]
[Black "Schloffer, Jasmin-Denise"]
[Result "*"]
[WhiteElo "2352"]
[BlackElo "2080"]
[Annotator "RC"]
[PlyCount "24"]
[EventDate "2020.02.14"]
[EventType "swiss"]
[EventCountry "AUT"]
[SourceTitle "playchess.com"]
[Source "ChessBase"]
[SourceQuality "1"]
[TimeControl "40/5400+30:1800+30"]

1. d4 {[%emt 0:00:00]} Nf6 {[%emt 0:00:00]} 2. Bf4 {[%emt 0:00:00]} d5 {[%emt 1:31:00]} 3. e3 {[%emt 0:00:00]} e6 {[%emt 0:00:16]} 4. Nd2 {[%emt 0:00:31]} c5 {[%emt 0:00:50]} 5. c3 {[%emt 0:00:36]} Bd6 {[%emt 0:00:14]} 6. Bg3 {[%emt 0:00:45]} Qc7 {[%emt 0:01:34]} 7. Ngf3 {[%emt 0:01:35]} Nbd7 {[%emt 0:00:22]} 8. Bd3 {[%emt 0:02:12]} O-O {[%emt 0:00:41]} 9. O-O {[%emt 0:01:20]} Bxg3 {[%emt 0:00:15]} 10. hxg3 {[%emt 0:00:28]} e5 {[%emt 0:00:13]} 11. dxe5 {[%emt 0:02:40]} Nxe5 {[%emt 0:00:10]} 12. Nxe5 {[%emt 0:00:07]} Qxe5 {[%emt 0:00:06]} *

[Event "AUT-ch Open 2020"]
[Site "Graz"]
[Date "2020.02.14"]
[Round "1.14"]
[White "Bin-Suhayl, Ieysaa"]
[Black "Schoppen, Casper"]
[Result "0-1"]
[WhiteElo "2174"]
[BlackElo "2489"]
[Annotator "TA"]
[PlyCount "90"]
[EventDate "2020.02.14"]
[EventType "swiss"]
[EventCountry "AUT"]
[SourceTitle "playchess.com"]
[Source "ChessBase"]
[SourceQuality "1"]

{[%evp 19,100,18,20,0,0,0,0,0,0,0,0,0,0,0,0,0,0,0,0,-24,-24,-32,34,44,70,74,84,3,16,14,7,-4,0,-84,-18,-18,0,-152,-99,-95,-23,-34,0,0,0,0,0,0,0,0,0,0,0,0,0,0,0,0,0,0,15,0,0,0,0,-2,0,-191,-191,-191,-191,-264,-264,-264,-191,-264,-264,-29965,-29964,-29967,-29971,-29972,-29967]} 1. Nf3 c5 2. c4 Nf6 3. g3 b6 4. Bg2 Bb7 5. Nc3 e6 6. O-O Be7 7. d4 cxd4 8. Qxd4 O-O 9. b3 d6 10. Ba3 Na6 11. e4 {A30: Symmetrical English: Double Fianchetto and Hedgehog.} Nc5 {[%cal Rc5e4]} 12. e5 Bxf3 13. Bxf3 {The position is equal.} dxe5 14. Qe3 Rc8 {[#]} 15. Nb5 $146 ({Predecessor:} 15. Rad1 Ncd7 16. Bxe7 Qxe7 17. Nb5 a6 18. Nd6 Rc7 19. Rd2 Ne8 20. Rfd1 f5 21. Nxe8 Rxe8 {1-0 (43) Kljucharev,S (2397)-Mikhalchenko,P (2355) Kemerovo 2009}) 15... e4 16. Rad1 $36 {[%mdl 2048] White has good play.} Qe8 17. Bg2 Ng4 18. Qe2 f5 19. Nxa7 (19. f3 $5 {[%cal Rf3g4]} Nf6 20. Nxa7 $11) 19... Ra8 20. Nb5 $1 Qg6 (20... Qh5 $15 21. h3 Nf6) 21. f3 $14 exf3 22. Bxf3 Rad8 23. Bxg4 (23. Nd4 $16 {Nc6 is the strong threat.} Rfe8 24. Bc6) 23... fxg4 24. Rxf8+ Rxf8 25. Nc7 h5 26. Kh1 (26. Na6 $11) 26... Rf6 (26... Ne4 $17 27. Bxe7 Rf7) 27. Re1 $11 Qf7 {Strongly threatening ...Rf2.} 28. Kg1 $2 {[#]} (28. Bxc5 $1 $11 Bxc5 29. Nxe6) 28... Bf8 ({Black should try} 28... h4 $1 {[%cal Rh4g3][%mdl 512] Hoping for ...hxg3.} 29. Rf1 (29. Qxg4 $2 hxg3 30. h3 Bd6 $19) (29. gxh4 $2 g3 $19) (29. gxh4 g3) 29... hxg3 30. Rxf6 gxh2+ 31. Kg2 Bxf6 32. Bxc5 Qh5) 29. Nb5 $17 e5 ({Better is} 29... h4 $17 {White must now prevent ...Rf3.} 30. gxh4 Qg6) 30. Rf1 $11 e4 31. Rxf6 Qxf6 32. Bb2 Qf3 33. Qxf3 gxf3 {[%mdl 4096] Endgame KBN-KBN} 34. Bd4 Kf7 35. Nc3 Ke6 36. b4 Nd3 37. Nxe4 Bxb4 38. Bxb6 Kf5 $1 {[%cal Rf5e4]} 39. Nf2 Nc5 40. Kf1 Na4 41. Bd4 g5 42. Nd3 Bd6 {Threatening ...Ke4.} 43. Nb2 $2 (43. c5 $11 Bc7 44. Bf2) 43... Nxb2 $19 44. Bxb2 {KB-KB} Ke4 45. Bc3 (45. c5 $142 Bxc5 46. h4) 45... g4 {Played: Ke4-d3} 0-1

[Event "AUT-ch Open 2020"]
[Site "Graz"]
[Date "2020.02.14"]
[Round "1.14"]
[White "Mujacic, Haris"]
[Black "Tuncer, Tuna"]
[Result "0-1"]
[WhiteElo "2077"]
[BlackElo "2351"]
[Annotator "TA"]
[PlyCount "102"]
[EventDate "2020.02.14"]
[EventType "swiss"]
[EventCountry "AUT"]
[SourceTitle "playchess.com"]
[Source "ChessBase"]
[SourceQuality "1"]

{[%evp 15,102,1,-5,-17,-2,-20,0,0,0,0,0,-6,0,0,0,0,0,-16,-15,-20,-11,-26,-18,-26,-11,-23,0,0,0,-23,-19,-43,-25,-35,-30,-43,-25,-29,-32,-58,-50,-61,-56,-53,-50,-58,-58,-60,-37,-63,-32,-46,-30,-59,-52,-43,-35,-34,-21,-29,-30,-38,-35,-34,-30,-199,-195,-182,-164,-314,-299,-268,-235,-591,-603,-570,-570,-716,-682,-1090,-1069,-1604,-1516,-1553,-1495,-29986,-29987,-29983,-29972]} 1. d4 Nf6 2. Bf4 d5 3. e3 e6 4. Nd2 c5 5. c3 Bd6 6. Bg3 Qc7 7. Ngf3 Nbd7 8. Bd3 O-O 9. O-O {D02: 1 d4 d5 2 Nf3 sidelines, including 2...Nf6 3 g3 and 2...Nf6 3 Bf4.} Bxg3 10. hxg3 e5 {[#] ...e4 is the strong threat.} 11. dxe5 {The position is equal.} Nxe5 12. Nxe5 Qxe5 13. Qf3 Re8 14. Qf4 Bd7 {[#]} 15. Qxe5 $146 ({Predecessor:} 15. Rfe1 Bc6 16. Rad1 b5 17. Qxe5 Rxe5 18. Nb3 c4 19. Nd4 Bd7 20. Be2 a6 21. Nc2 {0-1 (66) Vager,I (2196)-Deviatkin,A (2415) St Petersburg 2001}) 15... Rxe5 16. Nf3 Re7 17. Rfd1 Bc6 18. Bc2 a5 19. a4 b6 20. Nd2 Rd7 21. Nf3 Re7 22. Rac1 Kf8 23. Nd2 Rd8 24. Nf3 Ke8 25. Kf1 Kd7 26. b4 Kc7 27. b5 Bb7 28. Nd2 Ng4 29. Bb1 Rd6 30. Nf3 g6 31. Ke2 h6 32. Kf1 f5 33. Ke2 Bc8 34. Kf1 g5 35. Ba2 Nf6 36. c4 {[%cal Rc4d5]} dxc4 {With the idea ...Rxd1+.} 37. Rxd6 Kxd6 38. Nd2 Ne4 39. Nxc4+ Kc7 40. f3 $2 (40. Ke2 $11 {and White has nothing to worry.}) 40... Nxg3+ $19 41. Kf2 f4 42. e4 {[#]} (42. Bb1 {was worth a try.}) 42... Rd7 $1 43. Ke1 Rd4 44. Rd1 $2 (44. Rc2 {is a better chance.}) 44... Rxd1+ 45. Kxd1 {[%mdl 4096] Endgame KBN-KBN} Be6 46. Kd2 h5 47. Kd3 h4 48. Bb3 g4 49. fxg4 f3 50. Ne3 Bxb3 51. gxf3 h3 {Accuracy: White = 58%, Black = 97%.} 0-1